000 00493nam a2200181Ia 4500
999 _c13967
_d13967
003 OSt
005 20201103115505.0
008 190216s9999||||xx |||||||||||||| ||und||
020 _a9781853262166
040 _coclc
082 _a823.8
_bBRO/A
100 _aBronte, Anne
_96217
245 0 _aAgnes Grey /
_cAnne Bronte
260 _bWordsworth Classics,
_c1995.
_aLondon:
300 _a145p
650 _aEnglish Novel
942 _cBK
_2ddc
_h823.8
_iBRO/A
_k823.8
_mBRO/A